000 00287nam a22001217a 4500
008 180129b xxu||||| |||| 00| 0 eng d
041 _aeng
080 _a51
100 _a37
101 _anat
245 _amathematical reasoving for elemnetary teachers
_cloug.c.t
942 _2udc
_cBK
999 _c41173
_d41173